| 000 | 00492nam a22001697a 4500 | ||
|---|---|---|---|
| 003 | BD-DhJNU | ||
| 005 | 20250318072924.0 | ||
| 008 | 250318b |||||||| |||| 00| 0 eng d | ||
| 040 |
_aBD-DhJNU _bENG _cBD-DhJNU _dBD-DhJNU |
||
| 082 |
_223 _a160 |
||
| 245 |
_aLogic and knowledge / _cEdited by Robert Charles Marsh |
||
| 260 |
_aLondon : _bThe Macmillan Company, _c1968. |
||
| 300 |
_axi, 382 p. : _c22 cm. |
||
| 650 | _aKnowledge | ||
| 700 |
_aMarsh, Robert Charles _eEditor |
||
| 942 |
_2ddc _cBK _n0 |
||
| 999 |
_c1506 _d1506 |
||